Coast to coast / (Record no. 306248)
[ view plain ]
| 000 -LEADER | |
|---|---|
| fixed length control field | 00751nam a2200229Ia 4500 |
| 008 - FIXED-LENGTH DATA ELEMENTS--GENERAL INFORMATION | |
| fixed length control field | 170203s9999 xx 000 0 und d |
| 020 ## - INTERNATIONAL STANDARD BOOK NUMBER | |
| International Standard Book Number | 0-153101113 |
| 050 ## - LIBRARY OF CONGRESS CALL NUMBER | |
| Classification number | Fic |
| 050 ## - LIBRARY OF CONGRESS CALL NUMBER | |
| Item number | .C652 1996 |
| 100 ## - MAIN ENTRY--PERSONAL NAME | |
| Personal name | Farr, Roger C. |
| 245 ## - TITLE STATEMENT | |
| Title | Coast to coast / |
| 245 ## - TITLE STATEMENT | |
| Statement of responsibility, etc | senior authors, Roger C. Farr, Dorothy S. Strickland ; authors, Richard F. Abrahamson [and others] ; senior consultant, Asa G. Hilliard III ; consultants, Kanani Choy [and others]. |
| 260 ## - PUBLICATION, DISTRIBUTION, ETC. (IMPRINT) | |
| Place of publication, distribution, etc | Orlando, Fla. : |
| 260 ## - PUBLICATION, DISTRIBUTION, ETC. (IMPRINT) | |
| Name of publisher, distributor, etc | Harcourt Brace & Co., |
| 260 ## - PUBLICATION, DISTRIBUTION, ETC. (IMPRINT) | |
| Date of publication, distribution, etc | 1996 |
| 300 ## - PHYSICAL DESCRIPTION | |
| Extent | 605 pages ; |
| 440 ## - SERIES STATEMENT/ADDED ENTRY--TITLE | |
| Title | Signatures. |
| 500 ## - GENERAL NOTE | |
| General note | Includes index. |
| 650 ## - SUBJECT ADDED ENTRY--TOPICAL TERM | |
| Topical term or geographic name as entry element | Reading. |
| 700 ## - ADDED ENTRY--PERSONAL NAME | |
| Personal name | Dorothy S. Strickland, senior author |
| 700 ## - ADDED ENTRY--PERSONAL NAME | |
| Personal name | Richard F. Abrahamson, author |
No items available.